| 000 | 00438nam a22001577a 4500 | ||
|---|---|---|---|
| 003 | macl | ||
| 005 | 20241018165735.0 | ||
| 008 | 241018b |||||||| |||| 00| 0 eng d | ||
| 040 | _cmacl | ||
| 082 | _a500 | ||
| 100 |
_aSingh,Digvijay _982506 |
||
| 245 | _a Prelims Possible IAS & State PCS 300+Solved 2024General Science Chapterwise -Topicwise 2023-1990 | ||
| 260 |
_aDelhi _bArihant _c2024 |
||
| 650 | _aScience | ||
| 942 |
_2ddc _cC. BOOKS |
||
| 999 |
_c67089 _d67089 |
||